000 00775nam a2200241Ia 4500
003 OSt
005 20220923221547.0
006 a|||||r|||| 00| 0
007 ta
008 220922b |||||||| |||| 00| 0 hin d
024 _a198,227
037 _cTextual
040 _aARTS
_cARTS
_bhin
041 _2hin
_ahin
082 _aP152:21, K8
100 _aशर्मा, काशीराम
_9156279
245 0 _aद्रविड़ परिवार की भाषा हिन्दी
246 _aDraviड़ parivār kī bhāṣhā hindī
260 _aउ0 प्रदेश
_b काशीराम
_c1968
300 _a161iz`0
_ccm.
942 _hP152:21, K8
_cTEXL
_2CC
999 _c350073
_d350073